• 首页
  • 本馆介绍
  • 公告通知
  • 最新文献
  • 馆藏检索
  • 电子资源
  • 读者导购
  • 参考咨询
  • 我的图书馆
  • 登录
  • 详细信息显示
  • 放入我的书架
  • 预约/预借图书
  • 作者相关作品
  • 分类相关作品
  • 丛书相关作品
  • 出版社相关作品

书目信息

  • 表格格式
  • 工作单格式
  • 卡片格式
题名:
外国节日趣谈
    
 
作者: 王启明 著
分册:  
出版信息: 北京   军事谊文出版社  2006
页数: 281页
开本: 21cm
丛书名:
单 册:
中图分类: K891.1
科图分类:
主题词: 节日--风俗习惯--外国--通俗读物
电子资源:
ISBN: 7-80150-534-4
000 00834nam0 2200217 450
001 012006010687
005 20220927104503.37
010    @a7-80150-534-4@dCNY22.00
100    @a20060323d2006 em y0chiy0110 ea
101 0  @achi
102    @aCN@b110000
105    @aaf z 000yy
200 1  @a外国节日趣谈@Awai guo jie ri qu tan@f王启明著
210    @a北京@c军事谊文出版社@d2006
215    @a281页@c照片,图@d21cm
330    @a节日是人类生活中的精华,它区隔出一个生活周期中的不同阶段,集中体现了人们对世间事物和人自身的认知,并使国家、民族、群体和文化中最具代表性的文化资产得以代代相传。本书介绍了各种外国节日,其中包括国庆日、武装力量节日、新年节庆等数十种节日。
606 0  @a节日@x风俗习惯@y外国@j通俗读物
690    @aK891.1@v4
701  0 @a王启明@Awang qi ming@4著
801  0 @aCN@bRENTIAN@c20061207
905    @a10447@dK891.1@e122
    
    外国节日趣谈/王启明著.-北京:军事谊文出版社,2006
    281页:照片,图;21cm
    
    
    ISBN 7-80150-534-4:CNY22.00
    节日是人类生活中的精华,它区隔出一个生活周期中的不同阶段,集中体现了人们对世间事物和人自身的认知,并使国家、民族、群体和文化中最具代表性的文化资产得以代代相传。本书介绍了各种外国节日,其中包括国庆日、武装力量节日、新年节庆等数十种节日。
●
相关链接 在E读中查询图书 在五车中查询图书 在当当中查询图书 在豆瓣中查询图书


正题名:外国节日趣谈     索取号:K891.1/122         预约/预借

序号 登录号 条形码 馆藏地/架位号 状态 备注
1 0392485   203924851   第二样本阅览室/ [索取号:K891.1/122] 在馆    
2 0392486   203924860   密集书库/ [索取号:K891.1/122] 在馆    
3 0392487   203924879   第二借阅区/ [索取号:K891.1/122] 在馆    
4 0392488   203924888   密集书库/ [索取号:K891.1/122] 在馆    
5 0392489   203924897   密集书库/ [索取号:K891.1/122] 在馆    
6 0618572   206185723   密集书库/ [索取号:K891.1/122] 在馆    
7 0618573   206185732   密集书库/ [索取号:K891.1/122] 在馆    
8 0618574   206185741   第二借阅区/ [索取号:K891.1/122] 在馆    
9 0618575   206185750   第二借阅区/ [索取号:K891.1/122] 在馆    
10 0618576   206185769   第二借阅区/ [索取号:K891.1/122] 在馆    
唐山师范学院图书馆 欢迎您!
大连网信软件有限公司© 版权所有